Podsaharska Afrika - predkolonialno obdobje - Statistics

General Stats
  • This quiz has been taken 45 times
  • The average score is 10 of 21
Answers on the Map
Answers color-coded by a green-red scale on the quiz's map according to % correct below.
 
Answer Stats
Answer % Correct
Zulu
88%
Svazi
81%
Aksum
69%
Mali
69%
Songaj
63%
Kongo
56%
Abesinija
50%
Gana
50%
Kuš
50%
Lunda
50%
Darfur
44%
Ife/Oyo
44%
Kanem-Borno
44%
Kraljestva Havsov
44%
Ašanti
38%
Benin
38%
Buganda
38%
Dahomej
31%
Karanga
31%
Lozi
31%
Bunyoro
25%
No matching quizzes found
Score Distribution
Percent of People with Each Score
Percentile by Number Answered
Your Score History
You have not taken this quiz